000 00321nam a22001457a 4500
008 210304b ||||| |||| 00| 0 eng d
020 _a9780536833549
041 _aeng
080 _a330
082 _a330
100 _a52
101 _aEKO
245 _aEcomomics Today The Micro View
_cMiller, R.L
942 _2udc
_cBK
999 _c55752
_d55752